|
|
|
|
| LEADER |
02160nam a22004817i 4500 |
| 001 |
mzk03001278962 |
| 003 |
CZ BrMZK |
| 005 |
20210531091253.0 |
| 007 |
ta |
| 008 |
080715e14891106it fr|||||00| ||latod |
| 040 |
|
|
|a BOA001
|b cze
|c BOA001
|e rda
|
| 072 |
|
7 |
|a 093
|x Prvotisky
|2 Konspekt
|9 12
|
| 080 |
|
|
|a (0.068)093
|2 MRF
|
| 100 |
0 |
|
|a Avicenna,
|d 980-1037
|7 jn19981000172
|4 aut
|
| 245 |
1 |
0 |
|a Canon.
|n Lib. 1-2 /
|c Ex. transl. Gerardi Cremonensis ed. Petrus Rochabonella, corr. Prosdocimus Mutius
|
| 264 |
|
1 |
|a Venetiis :
|b Dionysius Bertochus 6.11.,
|c 1489
|
| 300 |
|
|
|a 1 svazek ;
|c 2°
|
| 336 |
|
|
|a text
|b txt
|2 rdacontent
|
| 337 |
|
|
|a bez média
|b n
|2 rdamedia
|
| 338 |
|
|
|a svazek
|b nc
|2 rdacarrier
|
| 500 |
|
|
|a Četné latinské marginální glosy ze 17. století
|
| 501 |
|
|
|a Obsahuje: Přívazky stejného titulu 3., 4-5 díl
|
| 510 |
4 |
|
|a ISTC,
|c ia01423000
|u https://data.cerl.org/istc/ia01423000
|
| 510 |
4 |
|
|a Dokoupil, V. Soupis prvotisků, spravovaných Universitní knihovnou v Brně,
|c 134
|
| 510 |
4 |
|
|a Gesamtkatalog der Wiegendrucke,
|c 3121
|
| 510 |
4 |
|
|a Hain, L. Repertorium Bibliographicum, in quo libri omnes ab arte typographica inventa usque ad annum MD,
|c 2207
|
| 561 |
|
|
|a Provenience: Conv. S. Thomae Brunae ... 1697
|
| 563 |
|
|
|a Jednotná augustiniánská převazba z poloviny 18. století. Lepenkové desky potažené bílým pergamenem na hřbetě s červeným štítkem, zlaceným nápisem a iniciálami konventu
|
| 655 |
|
7 |
|a prvotisky
|7 fd422077
|2 czenas
|
| 700 |
0 |
|
|a Gerardus Cremonensis,
|d 1114-1187
|7 nlk20000091733
|4 trl
|
| 700 |
1 |
|
|a Rochabonella, Petrus
|4 edt
|
| 700 |
1 |
|
|a Mutius, Prosdocimus
|4 oth
|
| 903 |
|
|
|a RP
|
| 910 |
|
|
|b AP-0000.011
|
| 978 |
|
|
|b Bertocchi, Dionigi
|a Venezia
|c 1489
|
| 982 |
2 |
|
|a Augustiniánské opatství svatého Tomáše na Starém Brně
|7 mzk2011623010
|
| 984 |
|
|
|a Benátky
|b Itálie
|
| 985 |
|
|
|a 1451-1500
|
| 990 |
|
|
|a BK
|
| 993 |
|
|
|a Y
|
| 991 |
|
|
|k augustiniáni
|
| 994 |
|
|
|a DN
|l MZK03
|b 001278963
|m záznam 1. díla (pro objednání pokračujte kliknutím)
|n přívazek 1
|
| 994 |
|
|
|a DN
|l MZK03
|b 001278964
|m záznam 1. díla (pro objednání pokračujte kliknutím)
|n přívazek 2
|